Statistics for Biggest Cities that Start With Q

Click here to take the quiz!

General Stats

  • This quiz has been taken 26 times
  • The average score is 5 of 10

Answer Stats

CountryPopulationCity% Correct
Ecuador1,399,814Quito
86%
Canada528,595Quebec City
76%
Philippines2,761,720Quezon City
76%
Iran900,000Qom
67%
China3,718,835Qingdao
62%
United States2,272,771Queens
43%
Pakistan733,675Quetta
43%
China759,718Qinhuangdao
10%
China882,364Qiqihar
10%
Argentina518,788Quilmes
10%

Score Distribution

Percentile by Number Answered

Percent of People with Each Score

Your Score History

You have not taken this quiz